[Event "GER-ch U25-C"]
[Site "Willingen"]
[Date "2023.05.31"]
[Round "6"]
[White "Kuehne, Malin"]
[Black "Kulgemeyer, Justus"]
[Result "1-0"]
[WhiteElo "1162"]
[BlackElo "1106"]
[PlyCount "101"]
[EventDate "2023.05.27"]
[EventType "swiss"]
[EventRounds "9"]
[EventCountry "GER"]
[SourceTitle "CBM 214 Extra"]
[Source "ChessBase"]
[SourceDate "2023.07.31"]
[SourceVersion "1"]
[SourceVersionDate "2023.07.31"]
[SourceQuality "1"]

1. d4 d5 2. c4 Nf6 3. Nc3 e6 4. e3 Nbd7 5. Nf3 b6 6. Be2 Bd6 7. 0-0 Bb7 8. Qc2 Ne4 9. Nb5 0-0 10. Nxd6 Nxd6 11. cxd5 exd5 12. Bd2 Ne4 13. Bb4 Re8 14. Nd2 c5 15. Nxe4 dxe4 16. dxc5 bxc5 17. Bxc5 Rc8 18. b4 a5 19. a3 Qc7 20. Bg4 g6 21. Bxd7 Qxd7 22. Qb2 Rb8 23. Rfd1 Qg4 24. Rdc1 a4 25. Qc2 Ra8 26. Rd1 Ba6 27. Rd4 Bd3 28. Qxd3 exd3 29. Rxg4 Red8 30. Rd1 d2 31. Rd4 Rxd4 32. exd4 Re8 33. Kf1 Re4 34. Rxd2 Rh4 35. h3 Re4 36. Re2 Rf4 37. Rd2 Re4 38. d5 Rc4 39. Rd3 Re4 40. d6 Re8 41. d7 Rd8 42. Be7 Kg7 43. Bxd8 Kh6 44. Bc7 f5 45. d8Q Kh5 46. g4+ fxg4 47. hxg4+ Kh6 48. Rh3+ Kg7 49. Qe7+ Kg8 50. Rxh7 g5 51. Qg7# 1-0